| 000 | 00653nam a2200217 i 4500 | ||
|---|---|---|---|
| 001 | bg | ||
| 100 | 1 | _aCONLIN, C. | |
| 245 | 1 | 0 |
_aUnternehmen Deutsch : _bLehrwerk für Wirtschaftsdeutsch : Lehrbuch / _cvon C. Conlin. |
| 250 | _aWyd. pol. | ||
| 260 |
_aPoznań : _bWydaw. Lektor ; Klett Edition Deutsch, _c1998. |
||
| 300 |
_a216 s. : _bfot., rys. (w tym kolor.) ; _c28 cm + _e2 kas. dźw. |
||
| 650 | 9 | _aJęzyk niemiecki | |
| 655 | _aPodręczniki akademickie | ||
| 020 | _a8385378286 | ||
| 040 | _cBPK | ||
| 041 | 1 |
_ade _gpl |
|
| 080 | _a811.112.2(075.8) | ||
| 920 | _a83-85378-28-6 | ||
| 942 | _cKS | ||
| 008 | s pl f |000 0 pol | ||
| 999 |
_c33669 _d33669 |
||
| 856 |
_uhttp://koha.tu.koszalin.pl/cgi-bin/koha/opac-detail.pl?biblionumber=33669 _yKatalog online BPK |
||